| 000 | 00750nam a2200217 i 4500 | ||
|---|---|---|---|
| 001 | 33437 | ||
| 003 | ES-MaACL | ||
| 005 | 20260316180540.0 | ||
| 007 | t| | ||
| 008 | 030202s1968 sp a |||| | baq d | ||
| 080 | _a22.05=916.9 | ||
| 130 | 0 |
_aBiblia. _lVasco. _9119316 |
|
| 245 | 1 | 0 |
_aGazteen Biblia / _cF. Hoffmann eta Ondarrabi'ko F.'ren itzak Taizé Praille-etxeko Saussure'tar Eri Anayaren irudi apaingarriak. |
| 260 |
_aSan Sebastián : _bBruño, _c[1968] |
||
| 300 |
_a280 p. : _bil. col. y n. ; _c24 cm. |
||
| 700 | 1 |
_aHoffmann, Ernst T. A. _d1776-1822 _9242917 |
|
| 700 | 0 |
_aFelipe de Fuenterrabía, _d1919-2003 _9150919 |
|
| 700 | 1 |
_aErik de Saussure, Anayak. _947393 |
|
| 852 |
_aES-MaACL _jC-46724 |
||
| 999 |
_c33437 _d33437 |
||